Due Fantagenitori (Sigla) - Testo Completo - Statistics

Statistiche generali
  • Questo quiz è stato fatto 77 volte
  • Il punteggio medio è 27 su 84
Statistiche sulle risposte
Risposta % Corretto
e
92%
un
83%
a
80%
Timmy
78%
con
73%
mirtilli
70%
cioccolato!
69%
gelato,
69%
crema,
67%
bel
66%
is
64%
is
64%
Voglio
64%
an
61%
and
61%
and
61%
and
61%
Vicky
61%
Dad
56%
farmi
56%
Mom
56%
no
55%
kid
53%
kid
53%
one
47%
average
41%
pea
39%
that
39%
understands
34%
when
34%
him
33%
always
31%
commands
28%
in
28%
in
28%
The
28%
giving
27%
Oddparents,
25%
oddparents
25%
Oddparents,
25%
oddparents
25%
Oddparents,
25%
oddparents
25%
oddparents!
25%
wish
22%
are
20%
are
20%
fairly
20%
fairly
20%
fairly
20%
fairly
20%
his
19%
his
19%
his
19%
his
19%
magic
17%
room
17%
every
16%
fish
16%
reality,
16%
they
16%
up
16%
you
16%
‘Cause
14%
doom
14%
gloom
13%
instantly
13%
little
13%
with
13%
grant
11%
It
11%
broken
9%
who
9%
bod,
6%
by
6%
Buff
5%
flips
5%
hot
5%
lid
5%
mod,
5%
pod
5%
Really
5%
rod
5%
your
5%
Nessun quiz corrispondente trovato
Distribuzione punteggi
Percentuale di utenti per punteggio
Percentile per numero di risposta
I tuoi punteggi nel tempo
Non hai fatto questo quiz